000 00430nam a22001097a 4500
082 _a080
100 _aमण्‍डल,विकास अध्‍ययन
_983396
245 _aअच्‍छा बोलने की कला और कामयाबी
260 _aनयी दिल्‍ली
_bअरूणोदय प्रकाशन
_c2025
650 _aसामान्‍य वर्ग
942 _cHIN
999 _c68284
_d68284